00589nmm a2200157Ia 4500008004100000020001800041041000800059100003300067245012500100264004800225300001800273650002700291700003300318700002900351856005100380251105s9999||||xx |||||||||||||||||und|| a9788415216766 aspa aRodríguez Farré, Eduardo 0aLa ciencia en el ágora :b Conversaciones sobre el almacén temporal nuclear centralizado, bombillas larga duración a[Madrid, España] :bEl Viejo Topo, c2012 a333 páginas aEnvironmental Sciences aRodríguez Farré, Eduardo1 a López Arnal, Salvador uhttps://public.digitaliapublishing.com/a/19422